01409nam a2200313 a 4500001001000000003000500010005001700015008004100032010001100073011001100084040000900095090001000104100004400114245017200158260004100330500006000371502011200431590004000543590004000583650003700623650004700660856007000707901000700777942001000784942000600794999001900800952014000819952013600959000113136CHAP20220329144340.0170428s2016 mx a fsm |||||||spa d a109597 a110569 cCHAP aTesis1 aMedina Cortéz, José Eleazar913206710aControl químico de las principales malezas del altiplano para el cultivo de zarzamora (Rubus spp.) var. Cheyenne /h[En línea]cpor José Eleazar Medina Cortéz. aChapingo, Méx. :bEl autor,c2016. aPara ver el contenido del material haga clic en la liga aTesis (Ing. Agr. Esp. en Parasitología Agrícola) -- UACH. Departamento de Parasitotología A grícola aE8697GMMb05c20170428lUCH01h1001 aE8697GMMb05c20170428lUCH01h135914aHerbicidasxAplicación.95369214aZarzamoraxMalas hierbasxControl.9123738 aFinding aiduhttp://10.13.5.2/tesis/sist113136.pdfzTeclea aquí aBK cTESIS n0 c109597d109597 00102local4053708TESISaBCbBCcPA_TESISd2017-04-28fTESISl0oTesisp33724002530900r2019-12-31 00:00:00tc.2w2019-12-31yTESIS 00104054718TESISaBCbBCd2017-04-28fTESISl0oTesisp33724002530941r2019-12-31 00:00:00w2019-12-31yTESISzRecien adquirido